Statistics for Film Series by Facts #1

Click here to take the quiz!

General Stats

  • This quiz has been taken 14 times
  • The average score is 5 of 10

Answer Stats

Hint(s)Ratings in the SeriesFirst InstallmentMost Recent InstallmentNumber of Movies in Film SeriesYear of First InstallmentYear of Most Recent InstallmentAnswer% Correct
PiratesAll PG13_____ _____ _____ _____: The Curse of the Black Pearl_____ _____ _____ _____: Dead Men Tell No Tales520032017Pirates of the Caribbean
100%
Space, Jedis5 PG, 6 PG-13_____ _____ Episode IV: A New Hope_____ _____ Episode IX: The Rise of Skywalker1119772019Star Wars
100%
Spy10 PG-13, 16 PGDr. NoNo Time to Die2619622020James Bond
92%
Parody, SpyAll PG-13_____ _____: International Man of Mystery_____ _____ in Goldmember319972002Austin Powers
77%
SilenceAll PG-13_____ _____ __________ _____ _____ Part II220182020A Quiet Place
38%
Spoof, Wayans2 R, 3 PG-13_____ __________ _____ 5520002013Scary Movie
38%
Blue1 Not Rated, 1 G, 3 PGLes Aventures des Schtroumpfs_____: The Lost Village519652017The Smurfs
38%
Hillbillies, Trailers1 NC-17, 1 Not Rated, 3 R, 5 TV-MA_____ _____ __________ _____ _____: Drunk, High, and Unemployed Live in Austin1019992017Trailer Park Boys
31%
VampiresAll PG_____ __________ _____ 3: Summer Vacation320122018Hotel Transylvania
23%
Karate1 PG-13, 1 Unrated, 1 Not Rated, 2 R_____ __________ _____ 4520082019IP Man
8%

Score Distribution

Percentile by Number Answered

Percent of People with Each Score

Your Score History

You have not taken this quiz